ბათუმის შოთა რუსთაველის სახელმწიფო უნივერსიტეტის ბიბლიოთეკა

Croatia and the European Union : (ბიბ.ჩანაწერი № 53692)

000 -LEADER
fixed length control field 00979nam a2200277Ia 4500
001 - CONTROL NUMBER
control field 20740
003 - CONTROL NUMBER IDENTIFIER
control field GE_BSU
005 - DATE AND TIME OF LATEST TRANSACTION
control field 20210309005900.0
008 - FIXED-LENGTH DATA ELEMENTS--GENERAL INFORMATION
fixed length control field 181216s2015||||xx |||||||||||||| || ||
020 ## - INTERNATIONAL STANDARD BOOK NUMBER
International Standard Book Number 9781472431851
040 ## - CATALOGING SOURCE
Transcribing agency GE_BSU
080 ## - UNIVERSAL DECIMAL CLASSIFICATION NUMBER
Universal Decimal Classification number 327 C-90
245 ## - TITLE STATEMENT
Title Croatia and the European Union :
Remainder of title Changes and Development /
Statement of responsibility, etc. Pero Maldini, Davor Paukovic.
264 ## - PRODUCTION, PUBLICATION, DISTRIBUTION, MANUFACTURE, AND COPYRIGHT NOTICE
Place of production, publication, distribution, manufacture Burlington :
Name of producer, publisher, distributor, manufacturer Published by Ashgate,
Date of production, publication, distribution, manufacture, or copyright notice 2015.
300 ## - PHYSICAL DESCRIPTION
Extent 202 p. ;
Dimensions 24 cm.
653 ## - INDEX TERM--UNCONTROLLED
keyword Croatia and the European Union
653 ## - INDEX TERM--UNCONTROLLED
keyword Changes and Development
653 ## - INDEX TERM--UNCONTROLLED
keyword Хорватия и Европейский союз
653 ## - INDEX TERM--UNCONTROLLED
keyword изменения и развитие
653 ## - INDEX TERM--UNCONTROLLED
keyword ხორვატია და ევროკავშირი
653 ## - INDEX TERM--UNCONTROLLED
keyword ცვლილებები და განვითარება
700 ## - ADDED ENTRY--PERSONAL NAME
Personal name Maldini, Pero
Relator term Editor
9 (RLIN) 10388
700 ## - ADDED ENTRY--PERSONAL NAME
Personal name Paukovic, Davor
Relator term Editor
9 (RLIN) 10389
942 ## - ADDED ENTRY ELEMENTS (KOHA)
Koha item type წიგნი
Source of classification or shelving scheme
ეგზემპლარები
Withdrawn status Lost status Source of classification or shelving scheme Damaged status Not for loan Permanent Location Current Location Shelving location Date acquired Cost, normal purchase price Full call number Barcode Date last seen Copy number Price effective from Koha item type Public note
          ბათუმის შოთა რუსთაველის სახელმწიფო უნივერსიტეტის მთავარი ბიბლიოთეკა ბათუმის შოთა რუსთაველის სახელმწიფო უნივერსიტეტის მთავარი ბიბლიოთეკა წიგნსაცავი 2018-12-17 231.00 327 C-90 54035 2018-12-17 54035 2018-12-17 წიგნი 231.00 GEL.
          ბათუმის შოთა რუსთაველის სახელმწიფო უნივერსიტეტის მთავარი ბიბლიოთეკა ბათუმის შოთა რუსთაველის სახელმწიფო უნივერსიტეტის მთავარი ბიბლიოთეკა წიგნსაცავი 2018-12-17 231.00 327 C-90 54034 2018-12-17 54034 2018-12-17 წიგნი 231.00 GEL.